000 00581nam a2200205 a 4500
005 20140310183339.0
008 061115s19uu xx 00 eng d
020 _a1861521855
050 _aTX 911.3.M27
_b.W67 1997
100 _aWood, Roy C.
245 _aWorking in hotels and catering /
_cRoy C. Wood.
250 _a2nd ed.
260 _aLondon :
_bInternational Thomson Business Press,
_c1997.
300 _a236 p. :
_c20 cm.
521 _aTOU
650 _aHotel management.
650 _aCaterers and catering
_xManagement.
942 _cBK
_2lcc
_kFOR
999 _c21769
_d21769